书目信息 |
| 题名: |
地之缘
|
|
| 作者: | 王中忱 著 | |
| 分册: | ||
| 出版信息: | 北京 知识产权出版社有限责任公司 2022.04 |
|
| 页数: | 326页 | |
| 开本: | 21cm | |
| 丛书名: | 观日文丛 | |
| 单 册: | ||
| 中图分类: | G04-53 | |
| 科图分类: | ||
| 主题词: | 比较文化--bi jiao wen hua--中国--日本--文集 | |
| 电子资源: | ||
| ISBN: | 978-7-5130-7830-6 | |
| 000 | 00879oam2 2200241 450 | |
| 001 | 011025153043 | |
| 005 | 20221025153043.0 | |
| 010 | @a978-7-5130-7830-6@dCNY59.00 | |
| 100 | @a20201004d2022 em y0chiy0120 ea | |
| 101 | 0 | @achi |
| 102 | @aCN@b110000 | |
| 105 | @aa z 000yy | |
| 106 | @ar | |
| 200 | 1 | @a地之缘@Adi zhi yuan@e走读于中日之间@f王中忱著 |
| 210 | @a北京@c知识产权出版社有限责任公司@d2022.04 | |
| 215 | @a326页@c图@d21cm | |
| 225 | 2 | @a观日文丛@Aguan ri wen cong@f赵京华主编 |
| 330 | @a本书分为民族意识与殖民知识批判、介入的谱系、视觉意象的流动与再生产等五部分,收录了《虾夷锦》《民族战争与新考据史学的“借喻”书写》《梁启超在日本的小说出版活动考略》等文章。 | |
| 410 | 0 | @12001 @a观日文丛 |
| 606 | 0 | @a比较文化@Abi jiao wen hua@y中国@y日本@j文集 |
| 690 | @aG04-53@v5 | |
| 701 | 0 | @a王中忱@Awang zhong chen@4著 |
| 905 | @a河南城建学院图书馆@dG04-53@eW470 | |
| 地之缘:走读于中日之间/王中忱著.-北京:知识产权出版社有限责任公司,2022.04 |
| 326页:图;21cm.-(观日文丛/赵京华主编) |
| ISBN 978-7-5130-7830-6:CNY59.00 |
| 本书分为民族意识与殖民知识批判、介入的谱系、视觉意象的流动与再生产等五部分,收录了《虾夷锦》《民族战争与新考据史学的“借喻”书写》《梁启超在日本的小说出版活动考略》等文章。 |
| ● |
| 相关链接 |
|
|
|
正题名:地之缘
索取号:G04-53/W470
 
预约/预借
| 序号 | 登录号 | 条形码 | 馆藏地/架位号 | 状态 | 备注 |
| 1 | 1586490 | 215864900 | 社科库409/409社科库 55排6列5层/ [索取号:G04-53/W470] | 在馆 | |
| 2 | 1586491 | 215864919 | 社科库409/409社科库 55排6列5层/ [索取号:G04-53/W470] | 在馆 |